| 000 | 00514nam a2200181Ia 4500 | ||
|---|---|---|---|
| 005 | 20250326141304.0 | ||
| 008 | 250326s9999 xx 000 0 und d | ||
| 037 | _aTextbook | ||
| 040 |
_aFMSL _beng _cFMSL |
||
| 041 |
_aeng _2eng |
||
| 084 |
_aX:8.44 N4 _qFMSL |
||
| 100 |
_aAhmad A _971573 |
||
| 245 | 0 |
_aDecade of management research in india _cAhmad A; Aggarwal T |
|
| 260 |
_aDelhi _bDelhi, Management(AIMS) _c1994 |
||
| 300 | _axi,122 | ||
| 942 |
_cTB _hX:8.44 N4 |
||
| 999 |
_c1289614 _d1289614 |
||